000 00562nam a2200205 a 4500
001 18626
003 CO-ViMGA
008 141112s2004 ck r 000 u spa d
020 _a8434222434
040 _aCO-ViMGA
_bspa
_cCO-ViMGA
082 0 4 _a752 C151t
100 1 _aCanal, Fernanda
_919650
245 1 0 _aTodo sobre la tecnica del color
250 _a2
260 _aBarcelona (España),
_cParramón,
_c2002
300 _a144.p.
590 _aForma de adquisición : Premio - Mincultura
650 1 4 _aCOLOR - TECNICAS - ENSEÑANZA
_926522
942 _2ddc
_cBK
999 _c27879
_d27879